Pięć największych miast według państwa #1 - Statystyki

Ogólne statystyki
  • Ten quiz został rozwiązany 45 razy
  • Średni wynik to 25 z 30
Statystyki odpowiedzi
Odpowiedź % Poprawnych
Berlin
100%
Kijów
100%
Kraków
100%
Rzym
100%
Warszawa
100%
Barcelona
98%
Madryt
98%
Poznań
98%
Wrocław
98%
Łódź
95%
Monachium
95%
Nowy Jork
95%
Neapol
93%
Chicago
90%
Hamburg
90%
Mediolan
90%
Los Angeles
88%
Sewilla
85%
Turyn
83%
Walencja
83%
Charków
80%
Kolonia
78%
Odessa
78%
Frankfurt
75%
Donieck
73%
Palermo
63%
Dniepropietrowsk
53%
Saragossa
50%
Houston
48%
Phoenix
20%
Nie znaleziono quizów pasujących do podanych kryteriów
Rozkład punktacji
Procent ludzi z każdym wynikiem
Percentyl według liczby udzielonych odpowiedzi
Twoja historia wyników
Nie rozwiązałeś tego quizu